000
00302nam a22001337a 4500
008
180924b xxu||||| |||| 00| 0 eng d
020
_a
9780071810791
041
_a
eng
080
_2
4th
_a
611
100
_a
6
101
_a
ANA
245
_a
Human Anatomy and Physiology
_c
Graaff,K.M
942
_2
udc
_c
BK
999
_c
48332
_d
48332